000 01600nam0a2200385 4500
001 RU\NLR\bibl\857444
005 20260406051915.0
010 _a5-94643-235-4
_bПушкинская библиотека
010 _a5-17-031838-3
_bАСТ
010 _a5-271-12031-7
_bАстрель
_97000
021 _aRU
_b2005-56996
_92787
035 _a(NLR Aleph) 000846156
090 _a1451058
_c1451058
100 _a20051020d2005 |||y0rusy50 ca
101 1 _arus
_ceng
102 _aRU
105 _aa |||||||||
135 _acrcn 024anaba
200 1 _aСеребряные коньки
_e[повесть
_eдля среднего школьного возраста]
_fМери Мейп Додж
_g[пер. с англ. М. Клягиной-Кондратьевой
_gил. С. Крестовского]
210 _aМосква
_cПушкинская библиотека [и др.]
_d2005
215 _a318, [1] с.
_cил.
_d21
225 1 _aСерия "Внеклассное чтение"
325 _aКопия доступна в Электрон. б-ке РНБ
686 _aШ9(7США)62-4
700 1 _4070
_8rus
_7ca
_aДодж
_bМ. М.
_f1830-1905
_gМери Мейпс
_3RU\NLR\AUTH\777054
_9116995
801 0 _aRU
_bNLR
_c20051020
_grcr
801 1 _aRU
_bNLR
_c20051020
942 _cBOOK
980 _aNB
981 3 3 _a(33) Художественная литература
_b(33) Книги для детей